Đại cương về toán học hứu hạn
Đã lưu trong:
| Tác giả chính: | |
|---|---|
| Định dạng: | Sách |
| Ngôn ngữ: | Vietnamese |
| Được phát hành: |
Tp.HCM
Giáo dục
1997
|
| Các nhãn: |
Thêm thẻ
Không có thẻ, Là người đầu tiên thẻ bản ghi này!
|
| Thư viện lưu trữ: | Mạng thư viện Đại học Đà Nẵng |
|---|
| LEADER | 00868nam a2200277 4500 | ||
|---|---|---|---|
| 001 | 000013091 | ||
| 003 | 9427 | ||
| 005 | 20120307150333.0 | ||
| 008 | 120307s1997 viesd | ||
| 020 | |c 15500 | ||
| 041 | 0 | |a vie | |
| 082 | |a 511 |b HO-C | ||
| 100 | 0 | |a Hoàng Chúng | |
| 245 | 0 | |a Đại cương về toán học hứu hạn |c Hoàng Chúng | |
| 260 | |a Tp.HCM |b Giáo dục |c 1997 | ||
| 300 | |a 214 tr |c 21 cm | ||
| OWN | |a LSP | ||
| AVA | |a UDN50 |b LSP |d 511 HO-C |e available |t Error 5001 Not defined in file expand_doc_bib_avail. |f 10 |g 0 |h N |i 0 |k 1 | ||
| 999 | |a From the UDN01 | ||
| AVA | |a UDN50 |b LSP |d 511 HO-C |e available |t Error 5001 Not defined in file expand_doc_bib_avail. |f 10 |g 0 |h N |i 0 |k 1 | ||
| TYP | |a Monograph | ||
| TYP | |a Printed language | ||
| 980 | |a Mạng thư viện Đại học Đà Nẵng | ||